• 首页
  • 本馆介绍
  • 公告通知
  • 最新文献
  • 馆藏检索
  • 电子资源
  • 读者导购
  • 参考咨询
  • 我的图书馆
  • 登录
  • 详细信息显示
  • 放入我的书架
  • 预约/预借图书
  • 作者相关作品
  • 分类相关作品
  • 丛书相关作品
  • 出版社相关作品

书目信息

  • 表格格式
  • 工作单格式
  • 卡片格式
题名:
中国国际社会责任与中资企业角色
    
 
作者: 钟宏武 , 张蒽 , 魏秀丽 著
分册:  
出版信息: 北京   中国社会科学出版社  2013
页数: 223页
开本: 24cm
丛书名: 中国国际社会责任研究丛书
单 册:
中图分类: F279.2
科图分类:
主题词: 中资企业--企业责任--社会责任--研究 , 中资企业 , 企业责任 , 社会责任
电子资源:
ISBN: 978-7-5161-3710-9
000 01228nam0 2200313 450
001 523
005 20140909092833.18
010    @a978-7-5161-3710-9@dCNY42.00
100    @a20140124d2013 em y0chiy50 ea
101 0  @achi
102    @aCN@b110000
105    @ay z 000yy
106    @ar
200 1  @a中国国际社会责任与中资企业角色@AZhong Guo Guo Ji She Hui Ze Ren Yu Zhong Zi Qi Ye Jiao Se@f钟宏武,张蒽,魏秀丽等著@FZhong Hong Wu, Zhang En, Wei Xiu Li Deng Zhu
210    @a北京@c中国社会科学出版社@d2013
215    @a223页@d24cm
225 2  @a中国国际社会责任研究丛书
330    @a本书从中资海外企业履行社会责任面临的问题和挑战、履行海外社会责任的必要性等方面入手,进而分析中资企业海外公益项目面临的问题和挑战,分析跨国公司在履行企业社会责任方面好的经验模式,提出提升中资企业海外公益价值的建议。
461  0 @12001 @a中国国际社会责任研究丛书
606 0  @a中资企业@x企业责任@x社会责任@x研究
606 0  @a中资企业
606 0  @a企业责任
606 0  @a社会责任
690    @aF279.2@v5
701  0 @a钟宏武@AZhong Hong Wu@f(1977~)@4著
701  0 @a张蒽@AZhang En@c(女,@f1982~)@4著
701  0 @a魏秀丽@AWei Xiu Li@c(女,@f1975~)@4著
801  0 @aCN@bTANGWEI@c20140603
905    @b0839995-97@dF279.2@e1128@f3
    
    中国国际社会责任与中资企业角色/钟宏武,张蒽,魏秀丽等著.-北京:中国社会科学出版社,2013
    223页;24cm.-(中国国际社会责任研究丛书)
    
    
    ISBN 978-7-5161-3710-9:CNY42.00
    本书从中资海外企业履行社会责任面临的问题和挑战、履行海外社会责任的必要性等方面入手,进而分析中资企业海外公益项目面临的问题和挑战,分析跨国公司在履行企业社会责任方面好的经验模式,提出提升中资企业海外公益价值的建议。
●
相关链接 在E读中查询图书 在五车中查询图书 在当当中查询图书 在豆瓣中查询图书


正题名:中国国际社会责任与中资企业角色     索取号:F279.2/1128         预约/预借

序号 登录号 条形码 馆藏地/架位号 状态 备注
1 0839995   208399954   第一样本阅览室/ [索取号:F279.2/1128] 在馆    
2 0839996   208399963   密集书库-海洋学院/ [索取号:F279.2/1128] 在馆    
3 0839997   208399972   第一借阅区/ [索取号:F279.2/1128] 在馆    
唐山师范学院图书馆 欢迎您!
大连网信软件有限公司© 版权所有